• 首页
  • 本馆介绍
  • 公告通知
  • 最新文献
  • 馆藏检索
  • 电子资源
  • 读者导购
  • 参考咨询
  • 我的图书馆
  • 登录
  • 详细信息显示
  • 放入我的书架
  • 预约/预借图书
  • 作者相关作品
  • 分类相关作品
  • 丛书相关作品
  • 出版社相关作品

书目信息

  • 表格格式
  • 工作单格式
  • 卡片格式
题名:
司法改革
    
 
作者: 胡云腾 主编
分册:  
出版信息: 北京   社会科学文献出版社  2016
页数: 326页
开本: 24cm
丛书名: 依法治国研究系列
单 册:
中图分类: D926.04
科图分类:
主题词: 司法制度--si fa zhi du--体制改革--研究--中国
电子资源:
ISBN: 978-7-5097-8945-2
000 00951nam0 22002771 450
001 0109172520
005 20170309172520.0
010    @a978-7-5097-8945-2@dCNY88.00
100    @a20160511d2016 em y0chiy50 ea
101 0  @achi
102    @aCN@b110000
105    @ay z 000yy
106    @ar
200 1  @a司法改革@9si fa gai ge@dThe judicial reform@f胡云腾主编@zeng
210    @a北京@c社会科学文献出版社@d2016
215    @a326页@d24cm
225 2  @a依法治国研究系列@9yi fa zhi guo yan jiu xi lie@f董彦斌执行主编
300    @a2015年主题出版重点出版物
330    @a本书内容包括:司法改革总论、法院组织制度改革、诉讼程序改革和司法管理制度改革。
461  0 @12001 @a依法治国研究系列@f董彦斌执行主编
510 1  @aJudicial reform@zeng
606 0  @a司法制度@9si fa zhi du@x体制改革@x研究@y中国
690    @aD926.04@v5
701  0 @a胡云腾@9hu yun teng@f(1955~)@4主编
801  0 @aCN@bTANGWEI@c20170308
905    @b0954228-30@dD926.04@e666@f3
    
    司法改革=The judicial reform/胡云腾主编.-北京:社会科学文献出版社,2016
    326页;24cm.-(依法治国研究系列/董彦斌执行主编)
    2015年主题出版重点出版物
    
    ISBN 978-7-5097-8945-2:CNY88.00
    本书内容包括:司法改革总论、法院组织制度改革、诉讼程序改革和司法管理制度改革。
●
相关链接 在E读中查询图书 在五车中查询图书 在当当中查询图书 在豆瓣中查询图书


正题名:司法改革     索取号:D926.04/666         预约/预借

序号 登录号 条形码 馆藏地/架位号 状态 备注
1 0954228   209542280   第一样本阅览室/ [索取号:D926.04/666] 在馆    
2 0954229   209542299   第一借阅区/ [索取号:D926.04/666] 在馆    
3 0954230   209542306   第一借阅区/ [索取号:D926.04/666] 在馆    
唐山师范学院图书馆 欢迎您!
大连网信软件有限公司© 版权所有